Strażnicy Galaktyki - Skład MCU - Statystyki

Ogólne statystyki
  • Ten quiz został rozwiązany 70 razy
  • Średni wynik to 9 z 14
Statystyki odpowiedzi
Status Postać % Poprawnych
Były Star-Lord
100%
Była Gamora
98%
Aktywny Rocket
98%
Aktywny Groot
97%
Były Drax
87%
Była Nebula
87%
Była Mantis
74%
Martwy Yondu Udonta
69%
Aktywny Adam Warlock
46%
Aktywna Cosmo
46%
Były Thor Odinson
36%
Aktywny Kraglin Obfonteri
34%
Aktywna Phyla-Vell
13%
Aktywny Blurp
7%
Nie znaleziono quizów pasujących do podanych kryteriów
Rozkład punktacji
Procent ludzi z każdym wynikiem
Percentyl według liczby udzielonych odpowiedzi
Twoja historia wyników
Nie rozwiązałeś tego quizu